000 00346nam a2200121Ia 4500
008 150610s9999 xx 000 0 und d
020 _a9780545356626
050 _aPZ7
_b .F23814Cle 1996
100 _aFarmer, Nancy
245 2 _aA girl named disaster /
_cNancy Farmer.
260 _aNew York :
_bScholastic,
_c1996.
300 _a309pages ;
_c20 cm.
999 _c287937
_d287937